000
00250nam a22000977a 4500
999
_c
58111
_d
58108
082
_a
GSP
100
_a
Geographic Society Pakistan
245
_a
Education Map Pakistan main rail Rod
260
_a
Karachi
_b
Geographic Society Pakistan
_c
2017
942
_c
BK